Devinettes - Série 08 - Statistiques

Statistiques générales
  • Ce quiz a été pris 146 fois
  • Le résultat moyen est 5 sur 10
Statistiques - réponses
Défintion Solution % Correct
Monsieur et Madame COPTAIRE ont un fils, comment s'appelle-t-il ? Elie
94%
Monsieur et Madame FRAICHI ont une fille, comment s'appelle-t-elle ? Sarah
69%
Monsieur et Madame MENSOIF ont un fils, comment s'appelle-t-il ? Gerard
66%
Monsieur et Madame CIVE ont un fils, comment s'appelle-t-il ? Jean
62%
Monsieur et Madame EXCITE ont un fils, comment s'appelle-t-il ? Sam
52%
Monsieur et Madame ASSIN ont un fils, comment s'appelle-t-il ? Marc
42%
Monsieur et Madame DEUF ont un fils, comment s'appelle-t-il ? John
37%
Monsieur et Madame GINA ont un fils, comment s'appelle-t-il ? Laurent
30%
Monsieur et Madame D'ISSOIR ont un fils, comment s'appelle-t-il ? Alain
20%
Monsieur et madame ENFAILLITE ont une fille, comment s'appelle-t-elle? Mélusine
10%
Aucun quiz correspondant
Distribution des résultats
% des personnes avec chaque résultat
Percentile par nombre de réponses
Votre historique - résultats
Vous n’avez pas pris ce quiz